Multiple Choice Transport Quiz — Singapore #1 - Statistics

General Stats
  • This quiz has been taken 17 times
  • The average score is 6 of 10
Answer Stats
Question Answer % Correct
Which of these colours is not an MRT line colour? Pink
94%
Which of these colours has never been a public bus livery colour? Blue
69%
Which of these are not current or former locations of airports in Singapore? Lim Chu Kang
69%
Which of these stations is not a cross-platform interchange? Promenade
56%
Which of these statements about the Northeast Line (NEL) is false? The NEL first became operational before September 11th, 2001.
56%
Which is the deepest MRT station in Singapore, currently? Bencoolen
50%
Which was the second expressway to be built in Singapore? East Coast Parkway
44%
Including lines under construction yet to be opened, how many MRT train lines does Singapore have? 8
38%
East of these stations has 6 platforms. Which of them does not have Platforms E and F? Dhoby Ghaut
38%
Which of these brands has never featured on a Singapore public bus? Renault
38%
No matching quizzes found
Score Distribution
Percent of People with Each Score
Percentile by Number Answered
Your Score History
You have not taken this quiz